<?xml version="1.0" encoding="UTF-8"?>
<record
    xmlns:xsi="http://www.w3.org/2001/XMLSchema-instance"
    xsi:schemaLocation="http://www.loc.gov/MARC21/slim http://www.loc.gov/standards/marcxml/schema/MARC21slim.xsd"
    xmlns="http://www.loc.gov/MARC21/slim">

  <leader>00946nam a2200253 i 4500</leader>
  <controlfield tag="001">192246</controlfield>
  <controlfield tag="003">SpMaBN</controlfield>
  <controlfield tag="005">20250811104137.0</controlfield>
  <controlfield tag="008">221128q19111928sp a   | |||| 000 0 spa</controlfield>
  <datafield tag="040" ind1=" " ind2=" ">
    <subfield code="a">SpMaBN </subfield>
    <subfield code="b">spa </subfield>
    <subfield code="c">SpMaBN </subfield>
    <subfield code="e">rdc</subfield>
  </datafield>
  <datafield tag="080" ind1=" " ind2=" ">
    <subfield code="a">7(460.183 P.)</subfield>
  </datafield>
  <datafield tag="100" ind1="1" ind2=" ">
    <subfield code="a">Vielva Ramos, Mat&#xED;as.</subfield>
    <subfield code="9">114582</subfield>
  </datafield>
  <datafield tag="245" ind1="1" ind2="0">
    <subfield code="a">Palencia / </subfield>
    <subfield code="c">cuarenta y ocho ilustraciones, con texto de Mat&#xED;as Vielva.</subfield>
  </datafield>
  <datafield tag="260" ind1=" " ind2=" ">
    <subfield code="a">Barcelona : </subfield>
    <subfield code="b">Hijos de J. Thomas, </subfield>
    <subfield code="c">[entre 1911-1928]</subfield>
  </datafield>
  <datafield tag="300" ind1=" " ind2=" ">
    <subfield code="a">27 p., 48 p. de l&#xE1;m. ; </subfield>
    <subfield code="c">15 cm.</subfield>
  </datafield>
  <datafield tag="490" ind1="1" ind2=" ">
    <subfield code="a">El arte en Espa&#xF1;a / bajo el patronato de la Comisar&#xED;a Regia del Turismo y Cultura Art&#xED;stica ; </subfield>
    <subfield code="v">16</subfield>
  </datafield>
  <datafield tag="546" ind1=" " ind2=" ">
    <subfield code="a">Texto en espa&#xF1;ol, franc&#xE9;s e ingl&#xE9;s.</subfield>
  </datafield>
  <datafield tag="650" ind1=" " ind2="4">
    <subfield code="a">Arte-</subfield>
    <subfield code="z">Palencia.</subfield>
    <subfield code="9">175881</subfield>
  </datafield>
  <datafield tag="710" ind1="1" ind2=" ">
    <subfield code="a">Espa&#xF1;a. </subfield>
    <subfield code="b">Comisar&#xED;a Regia del Turismo.</subfield>
    <subfield code="9">175864</subfield>
  </datafield>
  <datafield tag="830" ind1="1" ind2="3">
    <subfield code="a">El arte en Espa&#xF1;a</subfield>
    <subfield code="v">16</subfield>
    <subfield code="9">193591</subfield>
  </datafield>
  <datafield tag="852" ind1="4" ind2=" ">
    <subfield code="a">ES-MaACL</subfield>
    <subfield code="j">C-32216(4)</subfield>
  </datafield>
  <datafield tag="999" ind1=" " ind2=" ">
    <subfield code="c">192246</subfield>
    <subfield code="d">192246</subfield>
  </datafield>
  <datafield tag="952" ind1=" " ind2=" ">
    <subfield code="0">0</subfield>
    <subfield code="1">0</subfield>
    <subfield code="4">0</subfield>
    <subfield code="7">0</subfield>
    <subfield code="a">ATENEOM</subfield>
    <subfield code="b">ATENEOM</subfield>
    <subfield code="c">DEPO2</subfield>
    <subfield code="d">2022-11-28</subfield>
    <subfield code="l">0</subfield>
    <subfield code="o">C-32216(4)</subfield>
    <subfield code="p">1204795</subfield>
    <subfield code="r">2023-02-23 00:00:00</subfield>
    <subfield code="w">2023-02-23</subfield>
    <subfield code="y">MONOGRAFIA</subfield>
  </datafield>
</record>
